[Event "GBR-ch Soanes op 106th"]
[Site "Torquay"]
[Date "2019.07.28"]
[Round "4"]
[White "Schmerwitz, Reinhard"]
[Black "Wong, Cheuk Nam"]
[Result "0-1"]
[WhiteElo "1721"]
[BlackElo "1588"]
[PlyCount "68"]
[EventDate "2019.07.26"]
[EventType "swiss"]
[EventRounds "5"]
[EventCountry "ENG"]
[SourceTitle "EXT 2021"]
[Source "ChessBase"]
[SourceDate "2020.10.23"]
[SourceVersion "1"]
[SourceVersionDate "2020.10.23"]
[SourceQuality "1"]

1. e4 d6 2. d4 Nf6 3. Nc3 g6 4. Be3 Bg7 5. Qd2 Nbd7 6. 0-0-0 Ng4 7. Bg5 h6 8. Bh4 c5 9. dxc5 Nxc5 10. h3 Nf6 11. Qe3 g5 12. Bg3 Qb6 13. e5 dxe5 14. Bxe5 Be6 15. Bb5+ Ncd7 16. Bd4 Qc7 17. Nf3 0-0 18. Ne5 Nxe5 19. Bxe5 Qa5 20. Qe2 Bxa2 21. Ba4 Be6 22. Qb5 Qxb5 23. Nxb5 Rac8 24. Nd4 Ne4 25. Bxg7 Kxg7 26. Rhf1 Bc4 27. Rfe1 Nxf2 28. Nf5+ Kh7 29. Nxe7 Nxd1 30. Nxc8 Rxc8 31. Rxd1 b5 32. b3 Be2 33. Re1 bxa4 34. Rxe2 axb3 0-1

[Event "GBR-ch Soanes op 106th"]
[Site "Torquay"]
[Date "2019.07.27"]
[Round "3"]
[White "Ashcroft, Graham J"]
[Black "Schmerwitz, Reinhard"]
[Result "1-0"]
[WhiteElo "1797"]
[BlackElo "1721"]
[PlyCount "91"]
[EventDate "2019.07.26"]
[EventType "swiss"]
[EventRounds "5"]
[EventCountry "ENG"]
[SourceTitle "EXT 2021"]
[Source "ChessBase"]
[SourceDate "2020.10.23"]
[SourceVersion "1"]
[SourceVersionDate "2020.10.23"]
[SourceQuality "1"]

1. c4 c6 2. b3 d5 3. Bb2 Bf5 4. g3 e6 5. Bg2 Nf6 6. Nf3 Be7 7. 0-0 0-0 8. d3 h6 9. Nbd2 Nbd7 10. Qc2 Bg4 11. e4 Bxf3 12. Nxf3 Rc8 13. Rad1 Qc7 14. Rfe1 Rfd8 15. Bh3 dxe4 16. dxe4 Nc5 17. e5 Rxd1 18. Rxd1 Ne8 19. b4 Na6 20. a3 Rd8 21. Bf1 c5 22. b5 Rxd1 23. Qxd1 Nb8 24. Bd3 Nd7 25. Qe2 Nf8 26. Nd2 Qd7 27. Ne4 Qc7 28. Bc3 Qd7 29. f4 Qc7 30. Qe3 Nh7 31. g4 Qc8 32. g5 hxg5 33. fxg5 Nf8 34. h4 Ng6 35. h5 Nh4 36. Nf6+ Bxf6 37. gxf6 Nf5 38. Qg5 Qd7 39. Bxf5 Qd1+ 40. Kf2 exf5 41. fxg7 Qh1 42. h6 Qh2+ 43. Ke1 Qh1+ 44. Kd2 Qh2+ 45. Kc1 f4 46. Qd8 1-0

[Event "SCO-ch 126th"]
[Site "Edinburgh"]
[Date "2019.07.09"]
[Round "4"]
[White "Sanger, Jake M"]
[Black "Schmerwitz, Reinhard"]
[Result "1-0"]
[WhiteElo "1867"]
[BlackElo "1721"]
[PlyCount "109"]
[EventDate "2019.07.06"]
[EventType "swiss"]
[EventRounds "9"]
[EventCountry "SCO"]
[SourceTitle "CBM 191 Extra"]
[Source "ChessBase"]
[SourceDate "2019.09.30"]
[SourceVersion "1"]
[SourceVersionDate "2019.09.30"]
[SourceQuality "1"]

1. d4 Nf6 2. Bf4 d5 3. e3 Bf5 4. c4 e6 5. Nc3 c6 6. Qb3 Qc8 7. Nf3 Nbd7 8. Rc1 Be7 9. Be2 dxc4 10. Bxc4 Nb6 11. Nb5 Nfd5 12. Nd6+ Bxd6 13. Bxd6 Qd7 14. Bg3 0-0 15. Ne5 Qe7 16. a3 Rfc8 17. Bd3 c5 18. e4 c4 19. Nxc4 Nxc4 20. Rxc4 Rxc4 21. Qxc4 Nb6 22. Qb3 Bg6 23. f3 f6 24. 0-0 Rc8 25. a4 Bf7 26. a5 Na8 27. Bc4 b6 28. Ba6 Rd8 29. axb6 Nxb6 30. Bf2 Qc7 31. Be3 Qc6 32. Rc1 Qa4 33. Qxa4 Nxa4 34. b3 Nb6 35. Rc7 Rd7 36. Rxd7 Nxd7 37. Kf2 Kf8 38. Bb7 Ke7 39. d5 exd5 40. Bxd5 Bxd5 41. exd5 Nb6 42. Bxb6 axb6 43. Ke3 Kd6 44. Kd4 f5 45. Kc4 g5 46. b4 h5 47. Kb5 f4 48. Kxb6 g4 49. h4 gxh3 50. gxh3 Kxd5 51. Ka6 Kd4 52. b5 Ke3 53. b6 Kxf3 54. b7 Kg3 55. b8Q 1-0

[Event "SCO-ch 126th"]
[Site "Edinburgh"]
[Date "2019.07.07"]
[Round "2"]
[White "Schmerwitz, Reinhard"]
[Black "Wall, Tim"]
[Result "0-1"]
[WhiteElo "1721"]
[BlackElo "2246"]
[PlyCount "74"]
[EventDate "2019.07.06"]
[EventType "swiss"]
[EventRounds "9"]
[EventCountry "SCO"]
[SourceTitle "CBM 191 Extra"]
[Source "ChessBase"]
[SourceDate "2019.09.30"]
[SourceVersion "1"]
[SourceVersionDate "2019.09.30"]
[SourceQuality "1"]

1. e4 Nf6 2. e5 Nd5 3. d4 d6 4. exd6 cxd6 5. Nf3 g6 6. Bc4 Nf6 7. 0-0 Bg7 8. Re1 0-0 9. h3 Bf5 10. Bd3 Bxd3 11. Qxd3 Nc6 12. c3 d5 13. Nbd2 e6 14. Nf1 Qc7 15. Ng3 a6 16. a4 Rac8 17. Nd2 Na5 18. Qc2 Qb6 19. Qd3 Ne8 20. Nf3 Nb3 21. Rb1 Nxc1 22. Rbxc1 Qxb2 23. Rb1 Qxc3 24. Qxc3 Rxc3 25. Rxb7 Ra3 26. Rc1 Rxa4 27. Rc8 Nd6 28. Rxf8+ Bxf8 29. Rd7 a5 30. Ra7 Ra1+ 31. Kh2 a4 32. Ne5 a3 33. Nd7 Be7 34. Nc5 Bf6 35. Nb3 Ra2 36. f3 Nb5 37. Ra4 Rb2 0-1

[Event "BCF-ch Week2 AM op"]
[Site "Bournemouth"]
[Date "2016.08.03"]
[Round "3"]
[White "Staniland, Philip"]
[Black "Schmerwitz, Reinhard"]
[Result "1-0"]
[WhiteElo "1915"]
[BlackElo "1810"]
[PlyCount "30"]
[EventDate "2016.08.01"]
[EventType "swiss"]
[EventRounds "5"]
[EventCountry "ENG"]
[SourceTitle "CBM 173 Extra"]
[Source "ChessBase"]
[SourceDate "2016.08.29"]
[SourceVersion "1"]
[SourceVersionDate "2016.08.29"]
[SourceQuality "1"]

1. d4 Nf6 2. Bf4 d5 3. e3 Bf5 4. c4 Bxb1 5. Qxb1 e6 6. c5 Be7 7. h3 0-0 8. Nf3 c6 9. Bd3 g6 10. 0-0 Nfd7 11. b4 a6 12. a4 Bf6 13. b5 Re8 14. bxc6 bxc6 15. Qb7 e5 1-0

[Event "BCF-ch Week2 AM op"]
[Site "Bournemouth"]
[Date "2016.08.01"]
[Round "1"]
[White "Schmerwitz, Reinhard"]
[Black "Wells, Jonathan C"]
[Result "0-1"]
[WhiteElo "1810"]
[BlackElo "1992"]
[PlyCount "34"]
[EventDate "2016.08.01"]
[EventType "swiss"]
[EventRounds "5"]
[EventCountry "ENG"]
[SourceTitle "CBM 173 Extra"]
[Source "ChessBase"]
[SourceDate "2016.08.29"]
[SourceVersion "1"]
[SourceVersionDate "2016.08.29"]
[SourceQuality "1"]

1. e4 c5 2. Nf3 e6 3. d4 cxd4 4. Nxd4 Nf6 5. Nc3 d6 6. Be2 Nc6 7. 0-0 Be7 8. Be3 0-0 9. f4 Qc7 10. Bf3 a6 11. Qe2 Bd7 12. Nb3 Rac8 13. a4 Nb4 14. Rac1 e5 15. Nd5 Nbxd5 16. exd5 e4 17. Bd4 exf3 0-1

[Event "BCF-ch Week1 AM op"]
[Site "Bournemouth"]
[Date "2016.07.26"]
[Round "2"]
[White "Schmerwitz, Reinhard"]
[Black "Lovell, William Pm"]
[Result "1-0"]
[WhiteElo "1810"]
[BlackElo "1503"]
[PlyCount "85"]
[EventDate "2016.07.25"]
[EventType "swiss"]
[EventRounds "5"]
[EventCountry "ENG"]
[SourceTitle "CBM 173 Extra"]
[Source "ChessBase"]
[SourceDate "2016.08.29"]
[SourceVersion "1"]
[SourceVersionDate "2016.08.29"]
[SourceQuality "1"]

1. e4 c6 2. d4 d5 3. Nd2 dxe4 4. Nxe4 Bf5 5. Ng3 Bg6 6. h4 h6 7. Nf3 Nd7 8. h5 Bh7 9. Bd3 Bxd3 10. Qxd3 e6 11. Bd2 Qc7 12. Ne4 Ngf6 13. 0-0-0 Nxe4 14. Qxe4 Nf6 15. Qe2 0-0-0 16. Kb1 Kb8 17. c4 Bd6 18. g3 Qe7 19. Ne5 Bc7 20. Bc3 Rhe8 21. f4 Ka8 22. g4 Bxe5 23. dxe5 Nd7 24. Rd6 Nb6 25. Rhd1 Nc8 26. R6d3 Kb8 27. Kc2 Rxd3 28. Qxd3 Kc7 29. Qh7 Qf8 30. f5 exf5 31. gxf5 Qg8 32. Qxg8 Rxg8 33. Bb4 f6 34. e6 Rd8 35. Rg1 Rg8 36. Kd3 Nd6 37. Bxd6+ Kxd6 38. Ke4 a6 39. Rd1+ Kc7 40. Rd7+ Kc8 41. Rf7 b5 42. cxb5 axb5 43. Kd4 1-0

[Event "Goch op 26th"]
[Site "Goch"]
[Date "2015.09.06"]
[Round "7"]
[White "Trinkel, Fabian"]
[Black "Schmerwitz, Reinhard"]
[Result "1-0"]
[WhiteElo "1758"]
[BlackElo "1838"]
[PlyCount "88"]
[EventDate "2015.09.03"]
[EventType "swiss"]
[EventRounds "7"]
[EventCountry "GER"]
[SourceTitle "EXT 2018"]
[Source "ChessBase"]
[SourceDate "2017.10.13"]
[SourceVersion "1"]
[SourceVersionDate "2017.10.13"]
[SourceQuality "1"]

1. e4 c5 2. Nf3 d6 3. d4 cxd4 4. Nxd4 Nf6 5. Nc3 Nc6 6. Be2 e5 7. Nb3 Be7 8. 0-0 0-0 9. Be3 Be6 10. Bf3 a6 11. Nd5 b5 12. Bb6 Qd7 13. Qd2 Rab8 14. Be3 Bd8 15. Rad1 Bxd5 16. exd5 Ne7 17. Bg5 Ne8 18. Na5 f5 19. Nc6 Rc8 20. Bxe7 Bxe7 21. Qa5 e4 22. Be2 Nc7 23. c4 bxc4 24. Bxc4 Bf6 25. b3 Kh8 26. a4 Ra8 27. Rfe1 Rfc8 28. Nd4 Bxd4 29. Rxd4 Ne8 30. Qd2 Nf6 31. Qe2 Qa7 32. Rdd1 Nd7 33. Qh5 Rf8 34. Re3 Ne5 35. Be2 a5 36. Rc3 Rac8 37. Rxc8 Rxc8 38. Qxf5 Rb8 39. Rc1 h6 40. Rc8+ Rxc8 41. Qxc8+ Kh7 42. Qf5+ Kh8 43. Qxe4 Qc5 44. Bc4 Qb4 1-0

[Event "Goch op 26th"]
[Site "Goch"]
[Date "2015.09.05"]
[Round "5"]
[White "Gross, Karl"]
[Black "Schmerwitz, Reinhard"]
[Result "1/2-1/2"]
[WhiteElo "2037"]
[BlackElo "1838"]
[PlyCount "75"]
[EventDate "2015.09.03"]
[EventType "swiss"]
[EventRounds "7"]
[EventCountry "GER"]
[SourceTitle "EXT 2018"]
[Source "ChessBase"]
[SourceDate "2017.10.13"]
[SourceVersion "1"]
[SourceVersionDate "2017.10.13"]
[SourceQuality "1"]

1. e4 c5 2. Nf3 d6 3. d4 cxd4 4. c3 Nf6 5. Bd3 e5 6. cxd4 Be7 7. 0-0 Nc6 8. d5 Nb8 9. Nc3 0-0 10. h3 Nbd7 11. Be3 Nb6 12. Rc1 Bd7 13. Qb3 Rc8 14. a4 Rb8 15. Rc2 Nc8 16. Rfc1 Qa5 17. Qa3 a6 18. b4 Qd8 19. a5 Ne8 20. Ne2 f5 21. exf5 Bxf5 22. Bxf5 Rxf5 23. Ng3 Rf8 24. Qd3 h6 25. Nf5 Bf6 26. g4 Ne7 27. Rc4 Kh8 28. Ng3 Rc8 29. Qd2 Rxc4 30. Rxc4 Kg8 31. Kg2 Qd7 32. Rc1 Qb5 33. Rd1 Nc7 34. Ne4 Qd7 35. Qa2 Nb5 36. Qd2 Nc7 37. Qa2 Nb5 38. Qd2 1/2-1/2

[Event "Goch op 26th"]
[Site "Goch"]
[Date "2015.09.04"]
[Round "3"]
[White "Brandt, Thorsten"]
[Black "Schmerwitz, Reinhard"]
[Result "1/2-1/2"]
[WhiteElo "1954"]
[BlackElo "1838"]
[PlyCount "82"]
[EventDate "2015.09.03"]
[EventType "swiss"]
[EventRounds "7"]
[EventCountry "GER"]
[SourceTitle "EXT 2018"]
[Source "ChessBase"]
[SourceDate "2017.10.13"]
[SourceVersion "1"]
[SourceVersionDate "2017.10.13"]
[SourceQuality "1"]

1. d4 Nf6 2. Nf3 d5 3. Bf4 Bf5 4. e3 e6 5. c4 c6 6. Qb3 Qc8 7. h3 Be7 8. Nc3 0-0 9. Be2 Nbd7 10. 0-0 dxc4 11. Qxc4 Ne4 12. Nxe4 Bxe4 13. a3 Nb6 14. Qa2 Rd8 15. Rac1 h6 16. b4 Bxf3 17. Bxf3 Qd7 18. b5 Nd5 19. bxc6 bxc6 20. Bh2 Rdc8 21. Rfd1 Qb7 22. Rd2 Qa6 23. e4 Nf6 24. Rc3 Rd8 25. Bc7 Rdc8 26. Bg3 Rd8 27. Be5 Rac8 28. Rdc2 Nd7 29. Bf4 c5 30. d5 exd5 31. exd5 Bd6 32. Be3 Rc7 33. Be2 Qc8 34. Bg4 Qb7 35. f4 Nb6 36. Bf3 c4 37. Rb2 Qa6 38. Qb1 Na4 39. Bd4 Nxb2 40. Qxb2 Bc5 41. Bxc5 Rxc5 1/2-1/2

[Event "BCF-ch Week2 AM op"]
[Site "Coventry"]
[Date "2015.08.07"]
[Round "5"]
[White "Schmerwitz, Reinhard"]
[Black "Bielby, Paul R"]
[Result "0-1"]
[WhiteElo "1829"]
[BlackElo "1950"]
[PlyCount "122"]
[EventDate "2015.08.03"]
[EventType "swiss"]
[EventRounds "5"]
[EventCountry "ENG"]
[SourceTitle "CBM 167 Extra"]
[Source "ChessBase"]
[SourceDate "2015.09.14"]
[SourceVersion "1"]
[SourceVersionDate "2015.09.14"]
[SourceQuality "1"]

1. e4 e5 2. Nf3 Nc6 3. Bb5 a6 4. Ba4 d6 5. c3 Nf6 6. 0-0 Be7 7. Re1 0-0 8. h3 Bd7 9. d4 Re8 10. Nbd2 b5 11. Bc2 Bf8 12. Nf1 g6 13. Ng3 Bg7 14. b3 exd4 15. cxd4 Nb4 16. Bb1 c5 17. Bb2 Re7 18. Qd2 Nc6 19. e5 dxe5 20. dxe5 Ne8 21. Be4 Rc8 22. Rad1 Qc7 23. Qg5 Kf8 24. e6 Bxb2 25. exd7 Rxd7 26. Qxc5+ Kg7 27. Rxd7 Qxd7 28. Qd5 Qxd5 29. Bxd5 Nb4 30. Re2 Bf6 31. Bb7 Rb8 32. a3 Nd6 33. Be4 Nxe4 34. Nxe4 Nd3 35. Nxf6 Kxf6 36. Rd2 Nc5 37. b4 Ne6 38. Rd6 Ra8 39. Rb6 Ra7 40. Nd4 Ra8 41. Nxe6 fxe6 42. Kf1 Ke5 43. Ke2 Kd5 44. Rb7 Kc4 45. Re7 Kb3 46. Rxe6 Kxa3 47. Re4 Kb3 48. Kd2 Rc8 49. Re6 Rc2+ 50. Ke1 Kxb4 51. Rxa6 Rc7 52. Kd2 Kb3 53. Ra1 Kb2 54. Ra5 b4 55. Rb5 Rd7+ 56. Ke2 b3 57. Rb8 Kc2 58. Rc8+ Kb1 59. Rb8 b2 60. Rb6 Rd5 61. Rb7 Kc2 0-1

[Event "BCF-ch Week2 AM op"]
[Site "Coventry"]
[Date "2015.08.05"]
[Round "3"]
[White "Coward, Neil"]
[Black "Schmerwitz, Reinhard"]
[Result "1-0"]
[WhiteElo "1831"]
[BlackElo "1829"]
[PlyCount "113"]
[EventDate "2015.08.03"]
[EventType "swiss"]
[EventRounds "5"]
[EventCountry "ENG"]
[SourceTitle "CBM 167 Extra"]
[Source "ChessBase"]
[SourceDate "2015.09.14"]
[SourceVersion "1"]
[SourceVersionDate "2015.09.14"]
[SourceQuality "1"]

1. e4 c5 2. d4 cxd4 3. c3 Nf6 4. e5 Nd5 5. cxd4 d6 6. f4 Bf5 7. Nc3 dxe5 8. fxe5 Nc6 9. Nf3 e6 10. Bd3 Bxd3 11. Qxd3 Ndb4 12. Qe4 Nxd4 13. 0-0 Nxf3+ 14. Qxf3 Bc5+ 15. Kh1 0-0 16. Qxb7 Rb8 17. Qf3 Qd3 18. Bg5 Qxf3 19. Rxf3 Nc6 20. Rc1 Nxe5 21. Rff1 Nd3 22. Ne4 Nxc1 23. Nxc5 Nxa2 24. Nd7 Rxb2 25. Nxf8 Kxf8 26. Rd1 f6 27. Be3 Rb7 28. Ra1 a6 29. Rxa2 Rb1+ 30. Bg1 Kf7 31. h3 e5 32. Rxa6 Rb7 33. Bb6 e4 34. Kg1 f5 35. Kf2 g5 36. Bd4 Rb5 37. Rf6+ Kg8 38. Rb6 Rd5 39. Ke3 Ra5 40. Rb7 Ra3+ 41. Kf2 Rd3 42. Bf6 f4 43. Bxg5 f3 44. g4 Ra3 45. Rd7 Ra2+ 46. Rd2 Ra1 47. Be3 Kf7 48. Rd4 Ra2+ 49. Bd2 Kf6 50. Ke3 Ra3+ 51. Kf2 Ra2 52. h4 h5 53. gxh5 Kf5 54. h6 Ra7 55. Rd5+ Kg4 56. h5 Ra3 57. h7 1-0

[Event "BCF-ch Week2 AM op"]
[Site "Coventry"]
[Date "2015.08.04"]
[Round "2"]
[White "De Coverly, Roger D"]
[Black "Schmerwitz, Reinhard"]
[Result "1-0"]
[WhiteElo "1992"]
[BlackElo "1829"]
[PlyCount "65"]
[EventDate "2015.08.03"]
[EventType "swiss"]
[EventRounds "5"]
[EventCountry "ENG"]
[SourceTitle "CBM 167 Extra"]
[Source "ChessBase"]
[SourceDate "2015.09.14"]
[SourceVersion "1"]
[SourceVersionDate "2015.09.14"]
[SourceQuality "1"]

1. e4 c5 2. Nf3 d6 3. d4 cxd4 4. Nxd4 Nf6 5. Nc3 Nc6 6. Bc4 Qb6 7. Nb3 e6 8. Be3 Qc7 9. Be2 a6 10. a4 Be7 11. f4 0-0 12. 0-0 b6 13. Bf3 Bb7 14. g4 Nb4 15. g5 Nd7 16. Rc1 Nc5 17. f5 exf5 18. exf5 f6 19. Nd5 Nxd5 20. Bxd5+ Bxd5 21. Qxd5+ Kh8 22. g6 h6 23. Rf3 Rac8 24. Rh3 Qc6 25. Qxc6 Rxc6 26. Nd4 Rcc8 27. b3 d5 28. Rf1 Bd6 29. Rff3 Ne4 30. Ne6 Rfe8 31. Bxh6 gxh6 32. Rxh6+ Kg8 33. Rfh3 1-0

[Event "BCF-ch Week2 AM op"]
[Site "Coventry"]
[Date "2015.08.03"]
[Round "1"]
[White "Schmerwitz, Reinhard"]
[Black "Ivekovic, Tihana"]
[Result "0-1"]
[WhiteElo "1829"]
[BlackElo "2039"]
[PlyCount "52"]
[EventDate "2015.08.03"]
[EventType "swiss"]
[EventRounds "5"]
[EventCountry "ENG"]
[SourceTitle "CBM 167 Extra"]
[Source "ChessBase"]
[SourceDate "2015.09.14"]
[SourceVersion "1"]
[SourceVersionDate "2015.09.14"]
[SourceQuality "1"]

1. e4 c5 2. Nf3 e6 3. d4 cxd4 4. Nxd4 a6 5. Bd3 Qc7 6. 0-0 Nf6 7. c4 Be7 8. Nc3 d6 9. Be3 Nbd7 10. f4 0-0 11. Rc1 Re8 12. b3 b6 13. Be2 Bb7 14. Bf3 Bf8 15. Nde2 Nc5 16. Qc2 Rac8 17. Ng3 Qb8 18. Qb1 Ncd7 19. Rfe1 g6 20. Qd3 Nc5 21. Qd2 Rcd8 22. Rcd1 Ncd7 23. Qf2 Ba8 24. Na4 Nc5 25. Nc3 Rc8 26. Rc1 Nd3 0-1

[Event "BCF-ch Week1 AM op"]
[Site "Coventry"]
[Date "2015.07.31"]
[Round "5"]
[White "Bullen, Alex"]
[Black "Schmerwitz, Reinhard"]
[Result "1-0"]
[WhiteElo "1994"]
[BlackElo "1829"]
[PlyCount "49"]
[EventDate "2015.07.27"]
[EventType "swiss"]
[EventRounds "5"]
[EventCountry "ENG"]
[SourceTitle "EXT 2016"]
[Source "ChessBase"]
[SourceDate "2015.10.08"]
[SourceVersion "1"]
[SourceVersionDate "2015.10.08"]
[SourceQuality "1"]

1. d4 Nf6 2. c4 e6 3. Nf3 b6 4. g3 Ba6 5. Qa4 Be7 6. Bg2 Bb7 7. 0-0 0-0 8. Nc3 d5 9. Rd1 Qc8 10. Bf4 dxc4 11. Qxc4 c5 12. Nb5 Bd5 13. Qc1 Na6 14. Nd6 Qd8 15. dxc5 Nxc5 16. Nb5 Na6 17. Ne5 Qc8 18. Qxc8 Rfxc8 19. Rac1 Bxg2 20. Kxg2 Nb4 21. a3 a6 22. Nc7 Ra7 23. Nf3 Nbd5 24. Nxd5 Rxc1 25. Nxe7+ 1-0

[Event "Goch op 25th"]
[Site "Goch"]
[Date "2014.09.04"]
[Round "1"]
[White "Schmerwitz, Reinhard"]
[Black "Stefkovic, Marijan"]
[Result "0-1"]
[WhiteElo "1794"]
[BlackElo "2141"]
[PlyCount "84"]
[EventDate "2014.09.04"]
[EventType "swiss"]
[EventRounds "7"]
[EventCountry "GER"]
[SourceTitle "EXT 2016"]
[Source "ChessBase"]
[SourceDate "2015.10.08"]
[SourceVersion "1"]
[SourceVersionDate "2015.10.08"]
[SourceQuality "1"]

1. e4 c5 2. Nf3 Nc6 3. d4 cxd4 4. Nxd4 Nf6 5. Nc3 d6 6. Bg5 Qb6 7. Nb3 e6 8. Qd2 Be7 9. 0-0-0 0-0 10. Be3 Qd8 11. f4 a6 12. Rg1 b5 13. Bd3 Ng4 14. h3 Nxe3 15. Qxe3 b4 16. Ne2 e5 17. Kb1 Qc7 18. Bc4 a5 19. Bd5 a4 20. Nbc1 Ba6 21. g3 Rab8 22. f5 Na5 23. b3 axb3 24. cxb3 Bb7 25. Qd2 Rfc8 26. Bxb7 Qxb7 27. Qd5 Qa6 28. h4 Rc5 29. Qd3 Qc6 30. Qe3 Qb5 31. Nd3 Rc7 32. Rc1 Rbc8 33. Rxc7 Rxc7 34. Rc1 Bd8 35. Qd2 Rxc1+ 36. Nexc1 Nc6 37. Ne2 d5 38. exd5 Qxd5 39. Qe3 e4 40. Ndf4 Qxf5 41. Nd3 Qf3 42. Qxf3 exf3 0-1

[Event "BCF-ch Week2 AM op"]
[Site "Aberystwyth"]
[Date "2014.07.30"]
[Round "3"]
[White "Schmerwitz, Reinhard"]
[Black "Snook Lumb, Chris"]
[Result "1-0"]
[WhiteElo "1848"]
[BlackElo "1569"]
[PlyCount "93"]
[EventDate "2014.07.28"]
[EventType "swiss"]
[EventRounds "5"]
[EventCountry "WLS"]
[SourceTitle "EXT 2017"]
[Source "ChessBase"]
[SourceDate "2016.10.25"]
[SourceVersion "1"]
[SourceVersionDate "2016.10.25"]
[SourceQuality "1"]

1. e4 c5 2. Nf3 e6 3. d4 cxd4 4. Nxd4 a6 5. c4 Qb6 6. Nb3 Nc6 7. Be2 Nf6 8. Be3 Bb4+ 9. N1d2 Qc7 10. 0-0 b6 11. Rc1 Be7 12. a4 d6 13. f3 Bb7 14. Qe1 Rb8 15. Qf2 Ba8 16. Rfd1 a5 17. Nb1 Ne5 18. Nd4 Rb7 19. b3 Ng6 20. Nc3 0-0 21. f4 Rd8 22. Bf3 e5 23. Ncb5 Qc8 24. Nf5 Qb8 25. g3 Bf8 26. Rd2 Rdd7 27. Rcd1 Qd8 28. Nfxd6 Bxd6 29. Rxd6 exf4 30. gxf4 Rb8 31. e5 Ne4 32. Bxe4 Rxd6 33. Rxd6 Qc8 34. Bxa8 Rxa8 35. Rd2 Qf5 36. Qf3 Rf8 37. Nd4 Nh4 38. Nxf5 Nxf3+ 39. Kf2 Nxd2 40. Bxd2 Rd8 41. Ke3 g6 42. Nd6 Kf8 43. Ne4 Ke7 44. c5 bxc5 45. Nxc5 Rd5 46. Bxa5 Rxc5 47. Bb4 1-0